[Event "msr26ss"]
[Site "?"]
[Date "2026.03.26"]
[Round "2.1"]
[White "Roharova, Emily Rachel"]
[Black "Skreko, Igor"]
[Result "0-1"]
[BlackElo "2204"]
[WhiteElo "1713"]
[LiveChessVersion "1.4.8"]

1. e4 {[%clk 0:10:03]} c5 {[%clk 0:10:04]} 2. Nf3 {[%clk 0:10:03]} d6
{[%clk 0:10:05]} 3. c3 {[%clk 0:10:03]} Nf6 {[%clk 0:10:05]} 4. e5
{[%clk 0:10:02]} dxe5 {[%clk 0:10:05]} 5. Nxe5 {[%clk 0:10:02]} Nbd7
{[%clk 0:09:33]} 6. Nf3 {[%clk 0:09:39]} e6 {[%clk 0:09:23]} 7. d4
{[%clk 0:09:31]} cxd4 {[%clk 0:09:24]} 8. cxd4 {[%clk 0:09:32]} Be7
{[%clk 0:09:11]} 9. Bc4 {[%clk 0:09:31]} O-O {[%clk 0:09:10]} 10. O-O
{[%clk 0:09:30]} Nb6 {[%clk 0:09:10]} 11. Bb3 {[%clk 0:09:26]} Nbd5
{[%clk 0:09:08]} 12. Nc3 {[%clk 0:09:21]} b6 {[%clk 0:09:04]} 13. Nxd5
{[%clk 0:09:14]} Nxd5 {[%clk 0:09:04]} 14. Be3 {[%clk 0:09:05]} Bb7
{[%clk 0:09:01]} 15. Rc1 {[%clk 0:08:44]} Rc8 {[%clk 0:08:52]} 16. Qe2
{[%clk 0:08:06]} Qd6 {[%clk 0:08:36]} 17. g3 {[%clk 0:07:52]} Bf6
{[%clk 0:07:23]} 18. Rcd1 {[%clk 0:07:01]} h6 {[%clk 0:06:56]} 19. Nd2
{[%clk 0:06:18]} Nxe3 {[%clk 0:06:39]} 20. fxe3 {[%clk 0:06:11]} Qc6
{[%clk 0:06:27]} 21. Nf3 {[%clk 0:05:58]} a5 {[%clk 0:06:04]} 22. d5
{[%clk 0:05:45]} exd5 {[%clk 0:05:50]} 23. Bxd5 {[%clk 0:05:44]} Qc7
{[%clk 0:05:50]} 24. Bxb7 {[%clk 0:05:42]} Qxb7 {[%clk 0:05:52]} 25. Nd4
{[%clk 0:05:31]} Bxd4 {[%clk 0:05:49]} 26. exd4 {[%clk 0:05:30]} Rfe8
{[%clk 0:05:46]} 27. Qg2 {[%clk 0:05:30]} Qxg2+ {[%clk 0:05:20]} 28. Kxg2
{[%clk 0:05:28]} Rc2+ {[%clk 0:05:15]} 29. Rf2 {[%clk 0:05:26]} Ree2
{[%clk 0:05:14]} 30. Rxe2 {[%clk 0:05:08]} Rxe2+ {[%clk 0:05:14]} 31. Kh3
{[%clk 0:05:09]} Kf8 {[%clk 0:05:07]} 32. Rd3 {[%clk 0:04:54]} Rxb2
{[%clk 0:05:04]} 33. a3 {[%clk 0:04:54]} Rc2 {[%clk 0:04:53]} 34. Rb3
{[%clk 0:04:46]} Rc6 {[%clk 0:04:54]} 35. d5 {[%clk 0:04:46]} Rd6
{[%clk 0:04:46]} 36. Rd3 {[%clk 0:04:39]} Ke7 {[%clk 0:04:46]} 37. Kg4
{[%clk 0:04:40]} g6 {[%clk 0:04:45]} 38. Kf4 {[%clk 0:04:39]} Kd7
{[%clk 0:04:30]} 39. h4 {[%clk 0:04:37]} b5 {[%clk 0:04:20]} 40. Ke5
{[%clk 0:04:34]} f6+ {[%clk 0:04:20]} 41. Ke4 {[%clk 0:04:34]} Rb6
{[%clk 0:04:16]} 42. Rb3 {[%clk 0:04:27]} b4 {[%clk 0:04:14]} 43. axb4
{[%clk 0:04:23]} Rxb4+ {[%clk 0:04:13]} 44. Rxb4 {[%clk 0:04:23]} axb4
{[%clk 0:04:14]} 45. Kd4 {[%clk 0:04:24]} Kd6 {[%clk 0:04:15]} 46. Kc4
{[%clk 0:04:25]} f5 {[%clk 0:04:15]} 47. Kxb4 {[%clk 0:04:25]} Kxd5
{[%clk 0:04:16]} 48. Kc3 {[%clk 0:04:26]} Ke4 {[%clk 0:04:17]} 49. Kd2
{[%clk 0:04:27]} Ke5 {[%clk 0:10:02]} 0-1

[Event "msr26ss"]
[Site "?"]
[Date "2026.03.26"]
[Round "2.2"]
[White "Novomeska, Karin"]
[Black "Sykora, Jakub"]
[Result "1-0"]
[BlackElo "1667"]
[WhiteElo "2014"]
[LiveChessVersion "1.4.8"]

1. d4 {[%clk 0:10:02]} f5 {[%clk 0:10:00]} 2. Bg5 {[%clk 0:10:02]} h6
{[%clk 0:09:54]} 3. Bh4 {[%clk 0:10:02]} d6 {[%clk 0:09:31]} 4. e3
{[%clk 0:09:59]} Be6 {[%clk 0:09:12]} 5. d5 {[%clk 0:09:35]} Bf7 {[%clk 0:09:08]}
6. c4 {[%clk 0:09:33]} Nd7 {[%clk 0:09:06]} 7. Nc3 {[%clk 0:09:16]} Ngf6
{[%clk 0:09:03]} 8. Bd3 {[%clk 0:08:58]} g6 {[%clk 0:08:43]} 9. Nf3
{[%clk 0:08:37]} Bg7 {[%clk 0:08:40]} 10. Nd4 {[%clk 0:07:57]} O-O
{[%clk 0:08:16]} 11. Bxf6 {[%clk 0:06:44]} Bxf6 {[%clk 0:07:54]} 12. h3
{[%clk 0:06:14]} Ne5 {[%clk 0:07:29]} 13. g4 {[%clk 0:06:08]} fxg4
{[%clk 0:06:38]} 14. hxg4 {[%clk 0:06:03]} Nxd3+ 15. Qxd3 {[%clk 0:06:02]} Kh7
{[%clk 0:06:04]} 16. Ne4 {[%clk 0:05:29]} Bg7 {[%clk 0:05:11]} 17. Ng5+
{[%clk 0:05:13]} Kg8 {[%clk 0:05:00]} 18. Nde6 {[%clk 0:04:50]} Bxe6
{[%clk 0:04:42]} 19. Nxe6 {[%clk 0:04:50]} Qe8 {[%clk 0:04:30]} 20. Nxf8
{[%clk 0:04:38]} Kxf8 {[%clk 0:04:29]} 21. Ke2 {[%clk 0:04:06]} c6
{[%clk 0:04:09]} 22. dxc6 {[%clk 0:03:40]} bxc6 {[%clk 0:04:09]} 23. Rad1
{[%clk 0:03:31]} Kf7 {[%clk 0:03:57]} 24. b3 {[%clk 0:03:17]} Qd7
{[%clk 0:03:51]} 25. Qe4 {[%clk 0:03:11]} a5 {[%clk 0:03:33]} 26. f3
{[%clk 0:02:49]} a4 {[%clk 0:03:28]} 27. b4 {[%clk 0:02:46]} Rb8 {[%clk 0:03:25]}
28. a3 {[%clk 0:02:46]} e6 {[%clk 0:03:08]} 29. c5 {[%clk 0:02:43]} 1-0

[Event "msr26ss"]
[Site "?"]
[Date "2026.03.26"]
[Round "2.3"]
[White "Petrik, Richard"]
[Black "Libich, Oliver"]
[Result "0-1"]
[BlackElo "1985"]
[WhiteElo "1613"]
[LiveChessVersion "1.4.8"]

1. e4 e5 2. Nf3 Nc6 3. Bc4 Nf6 4. Nc3 d6 5. d3 Be7 6. Bg5 Bg4 7. h3 Bh5 8. g4 Bg6
9. Nd5 Nxd5 10. exd5 Bxg5 11. dxc6 bxc6 12. Nxg5 Qxg5 13. Qd2 Qxd2+ 14. Kxd2 a5
15. Bb3 a4 16. Bxa4 Rxa4 17. b3 Ra7 18. a4 h5 19. g5 f6 20. gxf6 gxf6 21. h4 Rg8
22. Rhg1 Kf7 23. a5 d5 24. b4 Rb8 25. Rgb1 Bf5 26. Rb2 Bd7 27. c4 Be6 28. Kc3 Ke7
29. b5 cxb5 30. cxb5 Bd7 31. a6 Rxb5 32. Rxb5 Bxb5 33. Kb4 Rxa6 0-1

[Event "msr26ss"]
[Site "?"]
[Date "2026.03.26"]
[Round "2.4"]
[White "Janovsky, Samuel"]
[Black "Azari, Martin"]
[Result "1-0"]
[BlackElo "1557"]
[WhiteElo "1825"]
[LiveChessVersion "1.4.8"]

1. e4 {[%clk 0:10:04]} e5 {[%clk 0:10:04]} 2. Nf3 Nc6 3. Bb5 {[%clk 0:10:05]} a6
{[%clk 0:10:07]} 4. Ba4 {[%clk 0:10:06]} Nf6 {[%clk 0:10:04]} 5. O-O
{[%clk 0:10:06]} d6 {[%clk 0:10:05]} 6. c3 {[%clk 0:10:06]} b5 {[%clk 0:10:00]}
7. Bb3 {[%clk 0:10:07]} Be7 {[%clk 0:09:58]} 8. h3 {[%clk 0:10:05]} O-O
{[%clk 0:09:57]} 9. d4 {[%clk 0:09:56]} Bb7 {[%clk 0:09:19]} 10. Re1
{[%clk 0:09:50]} Qd7 {[%clk 0:08:32]} 11. Bg5 {[%clk 0:09:25]} h6
{[%clk 0:08:26]} 12. Bh4 {[%clk 0:08:48]} Rfe8 {[%clk 0:07:49]} 13. a4
{[%clk 0:08:08]} Nh7 {[%clk 0:06:22]} 14. Bg3 {[%clk 0:06:11]} Ng5
{[%clk 0:05:27]} 15. dxe5 {[%clk 0:06:02]} dxe5 {[%clk 0:05:18]} 16. Qxd7
{[%clk 0:06:02]} 1-0

[Event "msr26ss"]
[Site "?"]
[Date "2026.03.26"]
[Round "2.5"]
[White "Oruzinsky, Juraj"]
[Black "Mrazik, Lukas"]
[Result "1/2-1/2"]
[BlackElo "1883"]
[WhiteElo "2308"]
[LiveChessVersion "1.4.8"]

1. d4 {[%clk 0:10:02]} e6 {[%clk 0:10:02]} 2. e4 {[%clk 0:10:02]} d5
{[%clk 0:10:02]} 3. e5 {[%clk 0:10:03]} c5 {[%clk 0:10:01]} 4. c3
{[%clk 0:10:03]} Nc6 {[%clk 0:10:01]} 5. Nf3 {[%clk 0:10:03]} Bd7
{[%clk 0:09:59]} 6. Be2 {[%clk 0:09:58]} f6 {[%clk 0:09:17]} 7. O-O
{[%clk 0:09:51]} fxe5 {[%clk 0:09:11]} 8. Nxe5 {[%clk 0:09:50]} Nxe5
{[%clk 0:08:48]} 9. dxe5 {[%clk 0:09:50]} Ne7 {[%clk 0:08:19]} 10. Bd3
{[%clk 0:09:46]} g6 {[%clk 0:07:54]} 11. Bg5 {[%clk 0:09:08]} Bg7
{[%clk 0:07:17]} 12. Nd2 {[%clk 0:08:02]} Qc7 {[%clk 0:06:43]} 13. Bxe7
{[%clk 0:07:42]} Kxe7 {[%clk 0:06:43]} 14. f4 {[%clk 0:07:39]} Raf8
{[%clk 0:05:52]} 15. Kh1 {[%clk 0:07:30]} h5 {[%clk 0:04:25]} 16. Bxg6
{[%clk 0:07:24]} Bh6 {[%clk 0:03:41]} 17. Qe1 {[%clk 0:06:48]} Kd8
{[%clk 0:03:24]} 18. Qh4+ {[%clk 0:06:48]} Kc8 {[%clk 0:03:25]} 19. b4
{[%clk 0:06:29]} c4 {[%clk 0:02:16]} 20. a4 {[%clk 0:06:10]} Qd8 {[%clk 0:01:44]}
21. Qxd8+ {[%clk 0:05:35]} Kxd8 {[%clk 0:01:44]} 22. b5 {[%clk 0:04:03]} Bxf4
{[%clk 0:01:34]} 23. Nf3 {[%clk 0:04:03]} h4 {[%clk 0:01:30]} 24. h3
{[%clk 0:03:30]} a6 {[%clk 0:01:18]} 25. Bc2 {[%clk 0:02:54]} Kc7
{[%clk 0:01:15]} 26. Rfb1 {[%clk 0:02:23]} a5 {[%clk 0:01:05]} 27. b6+
{[%clk 0:02:18]} Kd8 {[%clk 0:00:57]} 28. Re1 {[%clk 0:01:59]} Ke7
{[%clk 0:00:41]} 29. Re2 {[%clk 0:01:54]} Bg3 {[%clk 0:00:16]} 30. Kg1
{[%clk 0:01:40]} Rf4 {[%clk 0:00:14]} 31. Rd1 {[%clk 0:01:16]} Rhf8
{[%clk 0:00:14]} 32. Rd4 {[%clk 0:01:01]} Rxd4 {[%clk 0:00:12]} 33. Nxd4
{[%clk 0:00:52]} Rf4 {[%clk 0:00:08]} 34. Nf3 {[%clk 0:00:47]} Rf8
{[%clk 0:00:09]} 35. Bd1 {[%clk 0:00:34]} Bc6 {[%clk 0:00:06]} 36. Nd4
{[%clk 0:00:30]} Bd7 {[%clk 0:00:07]} 37. Nf3 {[%clk 0:00:26]} Bc6
{[%clk 0:00:08]} 38. Bc2 {[%clk 0:00:27]} Bd7 {[%clk 0:00:09]} 39. Rd2
{[%clk 0:00:27]} Bc6 {[%clk 0:00:09]} 40. Rd1 {[%clk 0:00:26]} Bd7
{[%clk 0:00:07]} 41. Kf1 {[%clk 0:00:26]} Bc6 {[%clk 0:00:05]} 42. Ke2
{[%clk 0:00:26]} d4 {[%clk 0:00:05]} 43. cxd4 {[%clk 0:00:18]} Bd5
{[%clk 0:00:05]} 44. Rb1 {[%clk 0:00:15]} Bc6 {[%clk 0:00:04]} 45. Ke3
{[%clk 0:00:13]} Bf4+ {[%clk 0:00:05]} 46. Ke2 {[%clk 0:00:14]} Bg3
{[%clk 0:00:06]} 47. Rb2 {[%clk 0:00:12]} Rf4 {[%clk 0:00:07]} 48. Ke3
{[%clk 0:00:12]} Rf8 {[%clk 0:00:07]} 49. Rb1 {[%clk 0:00:10]} Bf4+
{[%clk 0:00:07]} 50. Ke2 {[%clk 0:00:10]} Bg3 {[%clk 0:00:06]} 51. Bd1
{[%clk 0:00:10]} Rf4 {[%clk 0:00:06]} 52. Rc1 {[%clk 0:00:11]} Bxf3+
{[%clk 0:00:06]} 53. gxf3 {[%clk 0:00:11]} Rxd4 54. Ke3 {[%clk 0:00:11]} Rd5
{[%clk 0:00:05]} 55. f4 {[%clk 0:00:10]} Rd3+ {[%clk 0:00:06]} 56. Ke4
{[%clk 0:00:10]} Rd2 {[%clk 0:00:05]} 57. Bg4 {[%clk 0:00:07]} Rh2 58. Rxc4
{[%clk 0:00:06]} Rf2 {[%clk 0:00:03]} 59. Rc7+ {[%clk 0:00:07]} Kd8
{[%clk 0:00:04]} 60. Rxb7 {[%clk 0:00:08]} Rxf4+ {[%clk 0:00:05]} 61. Ke3
{[%clk 0:00:09]} Rxa4 {[%clk 0:00:05]} 62. Ra7 {[%clk 0:00:08]} Ra3+
{[%clk 0:00:06]} 63. Ke4 {[%clk 0:00:09]} Ra4+ {[%clk 0:00:06]} 64. Kd3
{[%clk 0:00:10]} Bxe5 {[%clk 0:00:07]} 65. Bxe6 {[%clk 0:00:09]} Ra3+
{[%clk 0:00:06]} 66. Kc4 {[%clk 0:00:09]} Ra1 {[%clk 0:00:06]} 67. Kd5
{[%clk 0:00:09]} Bg3 {[%clk 0:00:06]} 68. Rd7+ {[%clk 0:00:06]} Ke8
{[%clk 0:00:07]} 69. Kc6 {[%clk 0:00:05]} Rc1+ {[%clk 0:00:08]} 70. Kb7
{[%clk 0:00:06]} a4 {[%clk 0:00:07]} 71. Bf5 {[%clk 0:00:05]} a3 {[%clk 0:00:07]}
72. Rh7 1/2-1/2

[Event "msr26ss"]
[Site "?"]
[Date "2026.03.26"]
[Round "2.6"]
[White "Stelmak, Adam"]
[Black "Musaev, Matej Elbek"]
[Result "0-1"]
[BlackElo "2069"]
[WhiteElo "1862"]
[LiveChessVersion "1.4.8"]

1. Nf3 {[%clk 0:10:01]} g6 {[%clk 0:10:03]} 2. g3 {[%clk 0:10:01]} Bg7
{[%clk 0:10:05]} 3. d4 {[%clk 0:10:00]} Nc6 {[%clk 0:10:05]} 4. Bg2
{[%clk 0:09:49]} d6 {[%clk 0:10:06]} 5. O-O {[%clk 0:09:35]} e5 {[%clk 0:10:05]}
6. d5 {[%clk 0:09:03]} Nce7 {[%clk 0:10:04]} 7. c4 {[%clk 0:08:54]} h6
{[%clk 0:10:04]} 8. e4 {[%clk 0:08:20]} f5 {[%clk 0:09:50]} 9. Nc3
{[%clk 0:08:15]} Nf6 {[%clk 0:09:50]} 10. Ne1 {[%clk 0:07:47]} g5
{[%clk 0:07:53]} 11. Nd3 {[%clk 0:05:56]} f4 {[%clk 0:07:45]} 12. c5
{[%clk 0:05:43]} O-O {[%clk 0:07:44]} 13. b4 {[%clk 0:05:14]} Ng6
{[%clk 0:07:18]} 14. a4 {[%clk 0:05:01]} g4 {[%clk 0:05:56]} 15. f3
{[%clk 0:03:35]} fxg3 {[%clk 0:04:53]} 16. hxg3 {[%clk 0:03:35]} Nh5
{[%clk 0:04:54]} 17. Qe1 {[%clk 0:01:48]} gxf3 {[%clk 0:03:37]} 18. Bxf3
{[%clk 0:01:35]} Rxf3 {[%clk 0:02:00]} 19. Rxf3 {[%clk 0:01:35]} Bg4
{[%clk 0:02:01]} 20. Qf2 {[%clk 0:01:23]} Bxf3 {[%clk 0:01:41]} 21. Qxf3
{[%clk 0:01:24]} Nf6 {[%clk 0:01:42]} 22. Be3 {[%clk 0:01:20]} Qe7
{[%clk 0:01:41]} 23. b5 {[%clk 0:01:13]} Rf8 {[%clk 0:01:13]} 24. Qg2
{[%clk 0:01:14]} Ng4 {[%clk 0:01:10]} 25. cxd6 {[%clk 0:00:58]} cxd6
{[%clk 0:01:12]} 26. Bd2 {[%clk 0:00:55]} Rf2 {[%clk 0:01:06]} 27. Nxf2
{[%clk 0:00:55]} Nf6 {[%clk 0:00:36]} 28. Nd3 {[%clk 0:00:55]} Qd7
{[%clk 0:00:33]} 29. Rf1 {[%clk 0:00:52]} Qg4 {[%clk 0:00:29]} 30. Qf3
{[%clk 0:00:39]} Qh3 {[%clk 0:00:30]} 31. b6 {[%clk 0:00:24]} axb6
{[%clk 0:00:29]} 32. Nf2 {[%clk 0:00:11]} Qd7 {[%clk 0:00:22]} 33. Be3
{[%clk 0:00:12]} Qc7 {[%clk 0:00:15]} 34. Bd2 {[%clk 0:00:10]} Ne8
{[%clk 0:00:14]} 35. Kg2 {[%clk 0:00:11]} Qd7 {[%clk 0:00:14]} 36. Ng4
{[%clk 0:00:11]} h5 {[%clk 0:00:14]} 37. Nh6+ {[%clk 0:00:09]} Kh7
{[%clk 0:00:15]} 38. Nf5 {[%clk 0:00:10]} h4 {[%clk 0:00:14]} 39. Qh5+
{[%clk 0:00:09]} Kg8 {[%clk 0:00:14]} 40. Nxg7 {[%clk 0:00:09]} Kxg7
{[%clk 0:00:13]} 41. gxh4 {[%clk 0:00:09]} Nf6 {[%clk 0:00:10]} 42. Qf5
{[%clk 0:00:08]} Nxh4+ {[%clk 0:00:10]} 43. Kh1 {[%clk 0:00:08]} Nxf5
{[%clk 0:00:11]} 44. Rxf5 {[%clk 0:00:08]} Qe8 {[%clk 0:00:10]} 45. Rg5+
{[%clk 0:00:07]} Kf7 {[%clk 0:00:10]} 46. Rf5 {[%clk 0:00:04]} Qh8+
{[%clk 0:00:11]} 47. Kg2 {[%clk 0:00:05]} Qg7+ {[%clk 0:00:10]} 48. Bg5
{[%clk 0:00:05]} Ke8 {[%clk 0:00:08]} 49. Kf3 Nh7 0-1

[Event "msr26ss"]
[Site "?"]
[Date "2026.03.26"]
[Round "2.7"]
[White "Krajcirik, Matej"]
[Black "Polomsky, Tomas"]
[Result "0-1"]
[BlackElo "1923"]
[WhiteElo "1646"]
[LiveChessVersion "1.4.8"]

1. f4 {[%clk 0:10:02]} Nh6 {[%clk 0:09:41]} 2. Nf3 {[%clk 0:10:01]} d5
{[%clk 0:09:39]} 3. g3 {[%clk 0:09:56]} Bg4 {[%clk 0:09:13]} 4. Bg2
{[%clk 0:09:57]} Nf5 {[%clk 0:09:12]} 5. Ne5 {[%clk 0:09:33]} h5 {[%clk 0:08:42]}
6. Nxg4 {[%clk 0:09:21]} hxg4 {[%clk 0:08:43]} 7. e3 {[%clk 0:09:00]} e6
{[%clk 0:08:28]} 8. Qxg4 {[%clk 0:08:24]} Nd7 {[%clk 0:08:26]} 9. Nc3
{[%clk 0:07:18]} Nf6 {[%clk 0:08:12]} 10. Qf3 {[%clk 0:07:09]} Bb4
{[%clk 0:07:46]} 11. a3 {[%clk 0:06:42]} Bxc3 12. dxc3 {[%clk 0:05:17]} Ne4
{[%clk 0:05:28]} 13. Qe2 {[%clk 0:04:42]} Nfd6 {[%clk 0:02:55]} 14. Bxe4
{[%clk 0:03:49]} Nxe4 {[%clk 0:02:55]} 15. Qg2 {[%clk 0:03:32]} Qd6
{[%clk 0:02:19]} 16. c4 {[%clk 0:03:13]} O-O-O {[%clk 0:02:02]} 17. O-O
{[%clk 0:03:01]} Rh7 {[%clk 0:01:54]} 18. Rd1 {[%clk 0:02:57]} Rdh8
{[%clk 0:01:32]} 19. cxd5 {[%clk 0:02:42]} exd5 {[%clk 0:01:31]} 20. h4
{[%clk 0:02:27]} Qe6 {[%clk 0:00:44]} 21. Bd2 {[%clk 0:01:19]} f6
{[%clk 0:00:26]} 22. Bc3 {[%clk 0:01:01]} Nxc3 {[%clk 0:00:22]} 23. bxc3
{[%clk 0:01:02]} Qxe3+ {[%clk 0:00:22]} 24. Qf2 {[%clk 0:01:00]} Qxf2+
{[%clk 0:00:21]} 25. Kxf2 {[%clk 0:01:01]} c6 {[%clk 0:00:20]} 26. Rd4
{[%clk 0:00:58]} g5 {[%clk 0:00:15]} 27. fxg5 {[%clk 0:00:50]} fxg5
{[%clk 0:00:16]} 28. Rh1 {[%clk 0:00:43]} Rf7+ {[%clk 0:00:09]} 29. Kg2
{[%clk 0:00:41]} gxh4 {[%clk 0:00:10]} 30. Rdxh4 {[%clk 0:00:31]} Re8
{[%clk 0:00:11]} 31. Kh3 {[%clk 0:00:16]} Re3 {[%clk 0:00:11]} 32. Ra4
{[%clk 0:00:03]} a6 {[%clk 0:00:10]} 33. Kh4 {[%clk 0:10:02]} 0-1

[Event "msr26ss"]
[Site "?"]
[Date "2026.03.26"]
[Round "2.8"]
[White "Sugarova, Natalia"]
[Black "Jancovicova, Tamara"]
[Result "1-0"]
[BlackElo "1739"]
[WhiteElo "1000"]
[LiveChessVersion "1.4.8"]

1. e4 {[%clk 0:10:02]} e5 {[%clk 0:10:03]} 2. Nf3 {[%clk 0:10:01]} Nc6
{[%clk 0:10:03]} 3. Bc4 {[%clk 0:10:01]} Bc5 {[%clk 0:10:04]} 4. O-O
{[%clk 0:10:00]} Nf6 {[%clk 0:10:03]} 5. d3 {[%clk 0:09:59]} d6 {[%clk 0:09:59]}
6. h3 {[%clk 0:09:56]} h6 {[%clk 0:09:55]} 7. Nc3 {[%clk 0:09:47]} Na5
{[%clk 0:09:31]} 8. Bb5+ {[%clk 0:09:26]} c6 {[%clk 0:09:09]} 9. Ba4
{[%clk 0:09:18]} b5 {[%clk 0:08:56]} 10. Bb3 {[%clk 0:09:04]} Nxb3
{[%clk 0:08:55]} 11. cxb3 {[%clk 0:08:41]} O-O {[%clk 0:08:30]} 12. Re1
{[%clk 0:08:13]} Bd7 {[%clk 0:07:50]} 13. Be3 {[%clk 0:08:00]} Bb6
{[%clk 0:07:44]} 14. d4 {[%clk 0:07:32]} exd4 {[%clk 0:04:43]} 15. Bxd4
{[%clk 0:07:24]} c5 {[%clk 0:03:26]} 16. Bxf6 {[%clk 0:05:51]} Qxf6
{[%clk 0:03:22]} 17. e5 {[%clk 0:05:19]} Qg6 {[%clk 0:02:52]} 18. Kh2
{[%clk 0:04:13]} Rad8 {[%clk 0:01:20]} 19. Nd5 {[%clk 0:03:24]} Rfe8
{[%clk 0:01:03]} 20. Nxb6 {[%clk 0:02:21]} axb6 {[%clk 0:01:02]} 21. Qxd6
{[%clk 0:01:57]} Qxd6 {[%clk 0:00:45]} 22. exd6 {[%clk 0:01:55]} Be6
{[%clk 0:00:31]} 23. Rad1 {[%clk 0:01:44]} b4 {[%clk 0:00:19]} 24. Ne5
{[%clk 0:01:14]} f6 {[%clk 0:00:14]} 25. d7 {[%clk 0:00:41]} Rf8 {[%clk 0:00:07]}
26. Ng6 {[%clk 0:00:36]} Rf7 {[%clk 0:00:06]} 27. Rxe6 {[%clk 0:00:34]} Kh7
{[%clk 0:00:06]} 28. Nf4 {[%clk 0:00:26]} Rdxd7 29. Rxd7 {[%clk 0:00:26]} Rxd7
{[%clk 0:00:07]} 30. Rxb6 {[%clk 0:00:26]} Rd2 {[%clk 0:00:07]} 31. Kg3
{[%clk 0:00:20]} Rxb2 {[%clk 0:00:08]} 32. Ra6 {[%clk 0:00:20]} Rd2
{[%clk 0:00:08]} 33. Ra5 {[%clk 0:00:19]} Rc2 {[%clk 0:00:08]} 34. Ne6
{[%clk 0:00:16]} Rc3+ {[%clk 0:00:09]} 35. Kh2 {[%clk 0:00:13]} Rc2
{[%clk 0:01:02]} 36. Kg3 {[%clk 0:00:13]} Rc3+ {[%clk 0:01:03]} 37. Kf4
{[%clk 0:00:12]} Rc2 {[%clk 0:01:04]} 38. Kf3 {[%clk 0:00:11]} Rc3+
{[%clk 0:01:05]} 39. Ke2 {[%clk 0:00:11]} Rc2+ {[%clk 0:01:06]} 40. Ke3
{[%clk 0:00:11]} Rc3+ {[%clk 0:01:07]} 41. Ke2 {[%clk 0:00:09]} Rc2+
{[%clk 0:01:08]} 42. Kf1 {[%clk 0:00:08]} Rc1+ {[%clk 0:01:08]} 43. Ke2
{[%clk 0:00:10]} Rc2+ {[%clk 0:01:09]} 44. Ke3 {[%clk 0:00:10]} Rc3+
{[%clk 0:01:10]} 45. Kd2 {[%clk 0:00:09]} Kg6 {[%clk 0:00:50]} 46. Rxc5
{[%clk 0:00:07]} Rxc5 {[%clk 0:00:51]} 47. Nxc5 {[%clk 0:00:08]} Kf5
{[%clk 0:00:51]} 48. Kd3 {[%clk 0:00:09]} Ke5 {[%clk 0:00:52]} 49. Kc4
{[%clk 0:00:09]} g5 {[%clk 0:00:46]} 50. Kxb4 {[%clk 0:00:10]} Kd4
{[%clk 0:00:47]} 51. a4 {[%clk 0:00:10]} Kd5 {[%clk 0:00:47]} 52. a5
{[%clk 0:00:11]} Kc6 {[%clk 0:00:47]} 53. f3 {[%clk 0:00:09]} h5 {[%clk 0:00:47]}
54. Ka4 {[%clk 0:00:09]} f5 {[%clk 0:00:46]} 55. Ne6 {[%clk 0:00:08]} g4
{[%clk 0:00:47]} 56. fxg4 {[%clk 0:00:08]} hxg4 {[%clk 0:00:41]} 57. hxg4
{[%clk 0:00:07]} fxg4 {[%clk 0:00:41]} 58. g3 {[%clk 0:00:08]} Kb7
{[%clk 0:00:40]} 59. Kb5 {[%clk 0:00:09]} Ka7 {[%clk 0:00:41]} 60. b4
{[%clk 0:00:09]} Ka8 {[%clk 0:00:42]} 61. Kb6 {[%clk 0:00:10]} Kb8
{[%clk 0:00:43]} 62. a6 {[%clk 0:00:11]} Ka8 {[%clk 0:00:44]} 63. Nc7+
{[%clk 0:00:11]} Kb8 {[%clk 0:00:45]} 64. a7+ {[%clk 0:00:12]} Kc8
{[%clk 0:00:46]} 65. a8=Q+ {[%clk 0:00:12]} 1-0

[Event "msr26ss"]
[Site "?"]
[Date "2026.03.26"]
[Round "2.9"]
[White "Hloska, Alexander"]
[Black "Compel, Daniel"]
[Result "0-1"]
[BlackElo "2136"]
[WhiteElo "1630"]
[LiveChessVersion "1.4.8"]

1. e4 {[%clk 0:10:03]} c5 {[%clk 0:10:03]} 2. Nf3 {[%clk 0:10:04]} d6
{[%clk 0:10:04]} 3. d4 {[%clk 0:10:05]} cxd4 {[%clk 0:10:06]} 4. Nxd4
{[%clk 0:10:06]} Nf6 {[%clk 0:10:06]} 5. Nc3 {[%clk 0:10:07]} a6 {[%clk 0:10:07]}
6. Be3 {[%clk 0:10:06]} e5 {[%clk 0:10:08]} 7. Nb3 {[%clk 0:10:07]} Be7
{[%clk 0:10:08]} 8. f3 {[%clk 0:10:04]} Be6 {[%clk 0:10:08]} 9. Qd2
{[%clk 0:10:05]} h5 {[%clk 0:10:09]} 10. Nd5 {[%clk 0:10:06]} Nxd5
{[%clk 0:10:07]} 11. exd5 {[%clk 0:10:06]} Bf5 {[%clk 0:09:58]} 12. O-O-O
{[%clk 0:10:05]} Nd7 {[%clk 0:09:56]} 13. Kb1 {[%clk 0:09:55]} Rc8
{[%clk 0:09:37]} 14. Bd3 {[%clk 0:08:30]} Bxd3 {[%clk 0:09:37]} 15. Qxd3
{[%clk 0:08:30]} O-O {[%clk 0:09:26]} 16. h3 {[%clk 0:07:50]} b5 17. g4
{[%clk 0:07:42]} h4 {[%clk 0:09:19]} 18. f4 {[%clk 0:05:50]} Qc7 {[%clk 0:09:07]}
19. Rhg1 {[%clk 0:04:15]} a5 {[%clk 0:08:27]} 20. Qxb5 {[%clk 0:03:14]} Qxc2+
{[%clk 0:08:17]} 21. Ka1 {[%clk 0:03:15]} Rcd8 {[%clk 0:05:38]} 22. Nxa5
{[%clk 0:02:08]} exf4 {[%clk 0:05:28]} 23. Bxf4 {[%clk 0:00:58]} Rb8
{[%clk 0:05:25]} 24. Rd2 {[%clk 0:00:25]} Qxd2 {[%clk 0:04:55]} 25. Qxb8
{[%clk 0:00:07]} Qf2 {[%clk 0:04:37]} 26. Bh2 {[%clk 0:00:03]} Rxb8
{[%clk 0:04:33]} 0-1

[Event "msr26ss"]
[Site "?"]
[Date "2026.03.26"]
[Round "2.10"]
[White "Hitka, Dominik"]
[Black "Galgoc, Lukas"]
[Result "1-0"]
[BlackElo "1678"]
[WhiteElo "2104"]
[LiveChessVersion "1.4.8"]

1. e4 {[%clk 0:10:03]} e5 {[%clk 0:10:03]} 2. Nf3 {[%clk 0:10:01]} Nc6
{[%clk 0:10:03]} 3. d4 {[%clk 0:10:01]} exd4 {[%clk 0:10:02]} 4. c3
{[%clk 0:10:01]} dxc3 {[%clk 0:09:30]} 5. Bc4 {[%clk 0:10:01]} Bc5
{[%clk 0:08:33]} 6. O-O {[%clk 0:09:42]} d6 {[%clk 0:08:19]} 7. Nxc3
{[%clk 0:09:22]} Nf6 {[%clk 0:07:51]} 8. h3 {[%clk 0:08:40]} O-O {[%clk 0:07:37]}
9. Bg5 {[%clk 0:08:40]} h6 {[%clk 0:07:29]} 10. Bh4 {[%clk 0:08:41]} Be6
{[%clk 0:06:49]} 11. Bxe6 {[%clk 0:08:36]} fxe6 {[%clk 0:06:49]} 12. Qb3
{[%clk 0:08:36]} Nd4 {[%clk 0:05:57]} 13. Nxd4 {[%clk 0:08:34]} Bxd4
{[%clk 0:05:57]} 14. Qxe6+ {[%clk 0:08:24]} Kh8 {[%clk 0:05:55]} 15. Qc4
{[%clk 0:08:09]} Bxc3 {[%clk 0:05:42]} 16. bxc3 {[%clk 0:08:01]} Qd7
{[%clk 0:05:16]} 17. Rad1 {[%clk 0:07:42]} Qf7 {[%clk 0:05:09]} 18. Qxf7
{[%clk 0:07:31]} Rxf7 {[%clk 0:05:09]} 19. f3 {[%clk 0:07:32]} Nd7
{[%clk 0:04:47]} 20. Bg3 {[%clk 0:07:28]} Nc5 {[%clk 0:04:36]} 21. e5
{[%clk 0:07:19]} dxe5 {[%clk 0:04:23]} 22. Bxe5 {[%clk 0:07:20]} Rff8
{[%clk 0:04:14]} 23. Bxc7 {[%clk 0:07:12]} Rac8 {[%clk 0:03:51]} 24. Bd6
{[%clk 0:07:11]} Rfe8 {[%clk 0:03:47]} 25. Rfe1 {[%clk 0:07:02]} Rxe1+
{[%clk 0:03:41]} 26. Rxe1 {[%clk 0:07:02]} Na4 {[%clk 0:03:36]} 27. Re7
{[%clk 0:06:58]} Nxc3 {[%clk 0:03:23]} 28. Be5 {[%clk 0:06:49]} Nxa2
{[%clk 0:03:05]} 29. Rxg7 {[%clk 0:06:41]} Rc1+ {[%clk 0:02:18]} 30. Kh2
{[%clk 0:06:41]} a5 {[%clk 0:02:02]} 31. Rxb7+ {[%clk 0:05:56]} Kg8
{[%clk 0:01:55]} 32. Rg7+ {[%clk 0:05:56]} Kf8 {[%clk 0:01:54]} 33. Ra7
{[%clk 0:05:56]} Rc5 {[%clk 0:01:47]} 34. Bd6+ {[%clk 0:05:57]} Ke8
{[%clk 0:01:39]} 35. Bxc5 {[%clk 0:05:57]} a4 {[%clk 0:01:32]} 36. Rxa4
{[%clk 0:05:57]} Nc3 {[%clk 0:01:32]} 37. Ra7 {[%clk 0:05:53]} Nd5
{[%clk 0:01:25]} 38. Kg3 {[%clk 0:05:53]} Nf6 {[%clk 0:01:20]} 39. Kf4
{[%clk 0:05:49]} Kd8 {[%clk 0:00:58]} 40. Be7+ {[%clk 0:05:48]} Kc8
{[%clk 0:00:56]} 41. Bxf6 {[%clk 0:05:48]} Kb8 {[%clk 0:00:52]} 42. Bd4
{[%clk 0:05:49]} Kc8 {[%clk 0:00:49]} 43. Ke5 {[%clk 0:05:50]} h5
{[%clk 0:00:48]} 44. Kd6 {[%clk 0:05:51]} h4 {[%clk 0:00:44]} 45. Rh7
{[%clk 0:05:43]} Kb8 {[%clk 0:00:39]} 46. Kc6 {[%clk 0:05:43]} 1-0